| 000 | 02876nam a2200325Ia 4500 | ||
|---|---|---|---|
| 003 | OSt | ||
| 005 | 20210907165814.0 | ||
| 008 | 210310s2000 ck ad fr 000 0 spa d | ||
| 020 |
_a9586821943 _qcolección |
||
| 020 |
_a9586821951 _qtomo 1 |
||
| 020 |
_a958682196X _qtomo 2 |
||
| 020 |
_a9586821978 _qtomo 3 |
||
| 040 |
_aCO-JMCR _cCO-JMCR |
||
| 041 | 0 | _aspa | |
| 082 | 0 | 4 |
_a330.98 / _bC733e _223 |
| 110 | 2 |
_aComisión Económica para América Latina y el Caribe _93019 |
|
| 245 | 1 | 0 |
_aEquidad, desarrollo y ciudadanía / _cComisión Económica para América Latina y el Caribe |
| 250 | _aSegunda edición | ||
| 260 |
_a[Bogotá] : _bCepal, _c2000 |
||
| 300 |
_a3 volúmenes : _bilustraciones y gráficas a blanco y negro ; _c23 cm. |
||
| 490 | 0 | _aEconomía de América Latina | |
| 500 | _aIncluye notas a pie de página. | ||
| 505 | 0 |
_gv.1. _tVisión global _gv.2. _tAgenda social _gv.3. _tAgenda económica |
|
| 520 | 3 | _aEl vigesimoctavo período de sesiones de la CEPAL, realizado en México en abril de 2000, coincide con el inicio de una nueva década y un nuevo siglo. Esta circunstancia llevó a la Secretaría a preparar un documento, Equidad, desarrollo y ciudadanía, que presenta en forma integral el pensamiento de la institución sobre los retos del desarrollo de la región en el mundo de hoy Con el ánimo de facilitar su difusión, la presente edición del documento se ha realizado en tres tomos, en coedición con Alfaomega Grupo Editor. El tomo I-Visión global- tiene dos capítulos. El primero analiza en forma sucinta el legado de la década de los noventa. El segundo resume el conjunto del documento, proporcionando al mismo tiempo una visión global y un cierto grado de detalle sobre las propuestas que se presentan El tomo II-Agenda social- aborda temas relativos a la equidad los principios de la política social y la lucha contra la pobreza, el desarrollo educativo, el empleo y la seguridad social, el gasto público social y las metas en materia de cobertura de servicios sociales. Asimismo, se ha incorporado un capítulo de reflexiones sobre ciudadanía y cohesión social. El tomo III -Agenda económica- trata temas económicos, considerando sus dimensiones sociales y de desarrollo sostenible. Aborda sucesivamente la estabilidad y el crecimiento económico, el desarrollo productivo, los problemas específicos de las economías más pequeñas, la regulación de servicios públicos y la consolidación de los espacios para el desarrollo sostenible. Los capítulos han sido elaborados para ser independientes entre sí y pueden, por lo tanto, leerse por separado. | |
| 650 | 1 | 4 |
_aDesarrollo económico _917969 _zAmérica Latina |
| 650 | 2 | 4 |
_aDesarrollo social _zAmérica Latina _936497 |
| 651 | 4 |
_aAmérica Latina _xCondiciones sociales _99842 |
|
| 651 | 4 |
_aAmérica Latina _xCondiciones económicas _940134 |
|
| 942 |
_2ddc _cBK |
||
| 999 |
_c8677 _d8677 |
||